000 00318cam a22001217a 4500
008 180718b1986 xxu||||| |||| 00| 0 eng d
082 _aY26 J199
100 _aJain, H.C.
245 _aNon-conventional sources of energy
_cby H.C. Jain
260 _aDelhi
_bSterling
_c1986
300 _a79p.
650 _aEnergy resources
999 _c346956
_d346956